| 000 | 00400nam a2200169Ia 4500 | ||
|---|---|---|---|
| 008 | 210210b1941 xxu||||| |||| 00| 0 eng d | ||
| 041 | _aeng | ||
| 082 | _a519/62 | ||
| 100 | _aHARDY (G H) | ||
| 245 | _aMathematician's apology | ||
| 260 |
_aCambridge _bAt the University Press _c1941 |
||
| 650 | _as | ||
| 650 | _aMathematician | ||
| 650 | _aapology | ||
| 690 | _aMathematics | ||
| 906 | _a007923 | ||
| 999 |
_c140781 _d140781 |
||